| 000 | 00998nam a2200229 a 4500 | ||
|---|---|---|---|
| 001 | BRCA_238 | ||
| 005 | 20190320202930.0 | ||
| 008 | 960829s1995 mx-a---##b---#100-0#spa-d | ||
| 020 | _a968681502 | ||
| 040 |
_aDLC _cDLC _dDLC |
||
| 050 | 4 |
_aBX4200 _b.M66 1995 |
|
| 245 | 1 | 0 |
_aEl monacato femenino en el imperio español _bmonasterios, beaterios, recogimientos, y colegios : memoria del II Congreso Internacional : homenaje a Josefina Muriel _cManuel Ramos Medina, coordinador. |
| 260 |
_aMéxico _bCentro de Estudios de Historia de México, CONDUMEX (CARSO) _c1995 |
||
| 300 |
_a596 p. _bil. _c23 cm. |
||
| 504 | _aIncluye referencias bibliográficas | ||
| 611 | 2 | 4 |
_aCongreso Internacional ´El Monacato Femenino en el Imperio Español-Monasterios, Beaterios, Recogimientos, y Colegios´ _n2nd _d1995 _cCiudad de México _9832 |
| 650 | 1 | 4 |
_aOrdenes religiosas de mujeres _xCongresos _9833 |
| 653 | 0 | _aMonjas | |
| 700 | 1 |
_aMuriel, Josefina _9834 |
|
| 700 | 1 |
_aRamos Medina, Manuel _9835 |
|
| 942 |
_2lcc _cB |
||
| 999 |
_c195 _d195 |
||